000
00202 a2200097 4500
001
48469
100
_a
Noyee, W
245
_a
South COL
260
_a
London
_b
William Heinemann
_c
090
_c
31405
_d
31405
942
_a
NUST-CAE
_c
_c
23787
999
_c
283542
_d
283542